000 00694cam4a220022900 4500
001 qce01833514
005 20190826084130.0
008 760525s1955 nyu 000 0 eng
010 _a 55006771
035 _a(Sirsi) r15511
035 _a(QCAT)lss01263545
035 _a(UPRA)qce01833514
040 _dUPRA
082 _a541
100 1 _aKittsley, Scott Loren, 1921-
_dKittsley, Scott Loren, 1921-
_6A72260.1
245 1 0 _aPhysical chemistry.
260 _aNew York :
_bBarnes & Noble,
_c[1955]
490 0 _aCollege outline series ;
_v97
_6S1906.1
650 0 _aChemistry, Physical and theoretical.
_6S517.1
949 _aQD453
_wlcc
_i-10142
_mMAIN
_tBOOK
_lON-SHELF
004 15511
999 _c156953
_d156953